| 000 | 01187cam a2200325 a 4500 | ||
|---|---|---|---|
| 001 | 2727 | ||
| 005 | 20240116082954.0 | ||
| 020 | _a9780375838736 (trade) | ||
| 020 | _a9780375938733 (lib. bdg.) | ||
| 020 | _a9780375838743 (pbk.) | ||
| 040 |
_aDLC _cDLC _dDLC _beng |
||
| 050 | 0 | 0 |
_aPZ7.W69744 _bLee 2007 |
| 082 | 0 | 0 |
_a813.6 _222 |
| 100 | 1 | _aWilson, Nathan D. | |
| 245 | 1 | 0 |
_aLeepike Ridge / _cN.D. Wilson |
| 250 | _aFirst Scholastic printing, March 2009 | ||
| 260 |
_aNew York : _bScholastic, _c2007 |
||
| 300 |
_a224 pages : _billustrations ; _c20 cm |
||
| 505 | _aM | ||
| 520 | _aWhile his widowed mother continues to search for him, eleven-year-old Tom, presumed dead after drifting away down a river, finds himself trapped in a series of underground caves with another survivor and a dog, and pursued by murderous treasure-hunters. | ||
| 521 |
_a780 _bLexile |
||
| 521 |
_aM _bRaz-Plus |
||
| 650 | 1 |
_aMissing persons _vFiction. |
|
| 650 | 1 |
_aCaves _vFiction. |
|
| 650 | 1 |
_aAdventure and adventurers _vFiction. |
|
| 650 | 1 |
_aMothers and sons _vFiction. |
|
| 650 | 1 |
_aBuried treasure _vFiction. |
|
| 906 |
_a7 _bcbc _corignew _d1 _eecip _f20 _gy-gencatlg |
||
| 942 |
_2ddc _cBK _n0 |
||
| 999 |
_c2727 _d2727 |
||